The making of the American landscape (Record no. 57942)

MARC details
000 -LEADER
fixed length control field 00984nam a2200277Ia 4500
008 - FIXED-LENGTH DATA ELEMENTS--GENERAL INFORMATION
fixed length control field 191130s2010##################000#0#eng##
020 ## - INTERNATIONAL STANDARD BOOK NUMBER
ISBN 9780415911788
082 ## - DEWEY DECIMAL CLASSIFICATION NUMBER
Classification number 304.20973 CON
245 ## - TITLE STATEMENT
Title The making of the American landscape
Statement of responsibility, etc edited by Michael P. Conzen
250 ## - EDITION STATEMENT
Edition statement 2nd ed
260 ## - PUBLICATION, DISTRIBUTION, ETC. (IMPRINT)
Place of publication New York ; London
Name of publisher Routledge
Year of publication c2010
300 ## - PHYSICAL DESCRIPTION
Number of Pages xvi, 433 p. : ill. ; 25 cm.
500 ## - GENERAL NOTE
General note Previous ed.: Boston : Unwin Hyman, 1990. Includes bibliographical references and index
650 ## - SUBJECT ADDED ENTRY--TOPICAL TERM
Topical Term Human geography - North America
Topical Term Human geography - United States
Topical Term Landscape changes - North America
Topical Term Landscape changes - United States
Topical Term Nature - Effect of human beings on - North America
Topical Term Nature - Effect of human beings on - United States
700 ## - ADDED ENTRY--PERSONAL NAME
Personal name Conzen, Michael P
991 ## -
-- 262330
Holdings
Withdrawn status Lost status Damaged status Not for loan Home library Current library Shelving location Date acquired Full call number Accession Number Price effective from Koha item type
        Anna Centenary Library Anna Centenary Library 3RD FLOOR, B WING 09.10.2020 304.20973 CON 120745 09.10.2020 English Books

Find us on the map